00860nam a22002537a 45000010005000000030006000050050017000110080041000280200018000690400029000870500008001160820010001241000029001342450061001632600058002243000037002824900029003195050007003485200149003555210027005045210018005316500030005496500027005799661FISKH20260128131238.0260128b cb ||||| |||| 00| 0 eng d a9780462005034 aFISKHbengcFISKHdFISKH aPZ7 a591.7 aHucknall, VaughneAuthor aPlaces where animals live /cWritten by Vaughn Hucknall  aSingapore :bMarshall Cavendish International ,c2008 a16 pages :bphotographs ;c19 cm aMy pals are here :v10d  aC  aSome animals live where there is water. Some animals live high up. They live in mountains or in bush. Some animals live where the land is flat. 8 a100 bLexile estimate 8 aC bRaz-Plus  aMy pals are herevAnimals aHow they live vPlaces